000 00578nam a22002177a 4500
003 OSt
005 20170213134530.0
008 170213b xxu||||| |||| 00| 0 eng d
020 _a9781860944352
020 _a1860944353
040 _cDDC.
082 _a531KIB 2004
100 _aKibble,W.B Tom;Berkshire,H.Frank;
_911524
245 _aClassical Mechanics.
250 _a5th ed.
260 _aLondon.
_bImperial College Press.
_c2004.
300 _axx,478p;
_bill;
_c26cm.
504 _aincludes bibliography and index,
650 _aPhysics.
_9809
942 _2ddc
_cN_PAPAER
999 _c5525
_d5525